Statistiques concernant Le prénom des plus grands compositeurs de musique classique

Cliquez ici pour prendre le quiz!

Statistiques générales

  • Ce quiz a été pris 576 fois
  • Le résultat moyen est 18 sur 31

Statistiques - réponses

NomPrénom% Correct
Mozart (2 prénoms)Wolfgang Amadeus
87%
BeethovenLudwig
85%
DebussyClaude
83%
VivaldiAntonio
82%
ChopinFrédéric
82%
GershwinGeorge
81%
BachJean Sébastien
81%
Saint SaensCamille
79%
RavelMaurice
76%
Schubert - LisztFranz
75%
Wagner - StraussRichard
72%
SchumannRobert
70%
BerliozHector
69%
StravinskyIgor
61%
BizetGeorges
58%
MahlerGustav
54%
OffenbachJacques
53%
BartokBéla
52%
LullyJean Baptiste
52%
HaydnJoseph
52%
GounodCharles
50%
BrahmsJohannes
50%
VerdiGiuseppe
48%
CouperinFrançois
46%
MendelssohnFélix
45%
Rachmaninov - ProkofievSerguei
44%
BernsteinLeonard
40%
RameauJean Philippe
36%
PucciniGiacomo
30%
Rimski RorsakovNikolai
22%
RossiniGioacchino
15%

Distribution des résultats

Percentile par nombre de réponses

% des personnes avec chaque résultat

Votre développement - résultats

Vous n’avez pas pris ce quiz